Statistics for Portland Trail Blazers 2010s Top 10 Leaders

Click here to take the quiz!

General Stats

  • This quiz has been taken 30 times
  • The average score is 8 of 18

Answer Stats

Player % Correct
Damian Lillard
100%
CJ McCollum
100%
Jusuf Nurkić
92%
LaMarcus Aldridge
88%
Al-Farouq Aminu
63%
Evan Turner
50%
Nicolas Batum
46%
Maurice Harkless
42%
Meyers Leonard
38%
Mason Plumlee
38%
Wesley Matthews
33%
Robin Lopez
33%
Andre Miller
29%
Ed Davis
29%
Marcus Camby
21%
Allen Crabbe
17%
Steve Blake
17%
Rudy Fernández
4%

Score Distribution

Percentile by Number Answered

Percent of People with Each Score

Your Score History

You have not taken this quiz